00862nam a2200241 a 450000100060000000300090000600500170001500600090003200800410004101500120008201700540009402000290014803500210017704000280019808000150022608200170024110000320025824501860029026000410047630000420051765000320055965000290059124550CO-ViMGA20230915232006.0a4639960141112s2004 ck r 000 u spa d aMON0912 aB 12973 - 2009 Oficina Depósito Legal Barcelona a9788426715616 (Marcombo) a(OCoLC)733802687 aCO-ViMGAbspacCO-ViMGA a621.31(07)04a621.31 S311i1 aSebastian Gudel, Jose Maria10aInstalaciones electricas interiores [Texto impreso] : bCFGM instalaciones electricas y automaticas : belectricidad electronica Jose Maria Sebastian Gudel, Pedro Gonzalez Dominguez aBarcelona Marcombo Altamar D.L. 2009 a368 p. il. col. y n. 30 cm 1 CD - ROM14aElectricidad y electronica 14aInstalaciones Electricas